The Quiz on the United States - Statistics

General Stats
  • This quiz has been taken 1,571 times
    1,451 since last reset
  • The average score is 53 of 100
Answer Stats
Hint Answer % Correct
Presidents of Mount Rushmore George Washington
96%
Capital City Washington DC
95%
Largest Cities Los Angeles
90%
Most Common Languages English
89%
Most Common Languages Spanish
89%
Currency United States Dollar
89%
President Barack Obama
86%
Year: 9/11 2001
85%
Largest Cities New York City
83%
Presidents of Mount Rushmore Abraham Lincoln
82%
States: Smallest Rhode Island
82%
Largest Cities Chicago
79%
Immigration Mexico
79%
Coin Nicknames: 10 cents Dime
78%
Coin Nicknames: 1 cent Penny
77%
Coin Nicknames: 25 cents Quarter
77%
State: Sunniest Arizona
76%
National Bird Bald Eagle
76%
States: Hottest California
76%
Four Major Sports League National Basketball Association
76%
Four Major Sports League National Football League
76%
Year: WW2 1941
74%
Coin Nicknames: 5 cents Nickel
74%
Armed Forces Navy
73%
Most Common Languages French
72%
Year: JFK Assassination 1963
71%
Vice President Joe Biden
71%
Armed Forces Air Force
70%
Armed Forces Army
70%
Presidents of Mount Rushmore Theodore Roosevelt
70%
Big Four Television Networks ABC
69%
Most Common Languages German
69%
Big Four Television Networks NBC
69%
National Anthem The Star-Spangled Banner
69%
Year: Independence 1776
68%
Time Zones Eastern
68%
Four Major Sports League National Hockey League
68%
Presidents of Mount Rushmore Thomas Jefferson
68%
Time Zones Central
67%
Emigration Canada
66%
Hawaiian Islands Hawaiʻi
66%
Time Zones Pacific
66%
Big Four Television Networks Fox
65%
Largest Cities Houston
65%
Immigration China
64%
States: Oldest Delaware
63%
Time Zones Hawaii-Aleutian
63%
Branches of the Federal Government Judicial
63%
States: Driest Nevada
63%
Most Common Languages Cantonese
62%
Four Major Sports League Major League Baseball
62%
Branches of the Federal Government Executive
61%
Branches of the Federal Government Legislative
61%
Time Zones Mountain
61%
Year: Vietnam War ends 1975
59%
Big Four Television Networks CBS
59%
Emigration United Kingdom
59%
Year: Wall Street Crash 1929
58%
Coin Nicknames: 50 cents Half
57%
EGOT Grammy
51%
EGOT Oscar
51%
Armed Forces Coast Guard
50%
Year: Rosa Parks 1955
49%
Highest Mountain Mount McKinley
49%
EGOT Emmy
46%
Year: Lehman Brothers goes bankrupt 2008
44%
Largest Cities Philadelphia
44%
Hawaiian Islands Oʻahu
43%
Emigration Germany
40%
Immigration India
40%
Hawaiian Islands Maui
39%
Emigration Italy
38%
Best Selling US Artists Michael Jackson
38%
EGOT Tony
37%
Motto In God We Trust
31%
Largest Companies by Revenue Walmart
30%
Armed Forces Marine Corps
28%
National Flower Rose
26%
Time Zones Alaskan
25%
Best Selling US Artists Madonna
25%
Time Zones Atlantic
23%
Immigration Vietnam
23%
Coin Nicknames: 1 dollar Buck
21%
Best Selling US Artists Elvis Presley
19%
Immigration Philippines
15%
Hawaiian Islands Kauaʻi
14%
Hawaiian Islands Kahoʻolawe
13%
Hawaiian Islands Lānaʻi
11%
Hawaiian Islands Molokaʻi
11%
Emigration Israel
10%
Best Selling US Artists Mariah Carey
9%
Best Selling US Artists Whitney Houston
8%
Largest Companies by Revenue ExxonMobil
7%
Year: First Thanksgiving 1863
6%
Time Zones Samoa
6%
Largest Companies by Revenue Chevron
4%
Hawaiian Islands Niʻihau
4%
Time Zones Chamorro
1%
Largest Companies by Revenue ConocoPhillips
1%
Largest Companies by Revenue Fannie Mae
1%
No matching quizzes found
Score Distribution
Percent of People with Each Score
Percentile by Number Answered
Your Score History
You have not taken this quiz since the last reset